01461nam a2200289 a 450000100060000000300090000600800410001502000150005604000280007108200150009910000390011424500250015326000400017830000100021859000490022865000850027765000330036265000380039565000390043394200120047299900150048495201320049995201280063195201490075995201330090895201300104116371CO-ViMGA141112s2004 ck r 000 u spa d a9583006777 aCO-ViMGAbspacCO-ViMGA04a986 T6773m1 aTorres, Camilo, 1766 - 181692340510aMemorial de agravios aBogotá : bPanAméricana, c1999 a96.p. aForma de adquisición : Premio - Mincultura14aA PROPOSITO CON CARTA DE JAMAICA, PENSAMIENTOS POLITICOS DE SIMON BOLIVAR92340614aBOLIVAR, SIMON - 1783 - 183014aCOLOMBIA - HISTORIA - 180592340714aMEMORIAL DE AGRAVIOS - 1809923408 2ddccBK c2883d2883 00102ddc40708GENaMEFTEORObMEFTEOROcGENd2023-05-23l0o986 T67mpFo0000754r2023-05-23 00:00:00tEj.1w2023-05-23yBK 00102ddc40708GENaMEMACAREbMEMACAREcLITd2023-09-12l0o986 T67mpLM00422r2023-09-12 14:40:13tEj.1w2023-09-12yBK 00102ddc40708003aMEVIECARbMEVIECARd2015-12-04hVolumen. 1 | 11/jun/2009l0o986 T677m p16371r2015-12-04 00:00:00tEj. 1w2015-12-04yBK 00102ddc4070aMEVHERMObMEVHERMOd2024-06-13k986 T67m Ej.1l0o986pVIST 0001293r2024-06-13 14:42:12tEj.1w2024-06-13yBK 00102ddc40708GENaMEPLOPEZbMEPLOPEZcGENd2025-09-05l0o986 T6773mpPLZ03144r2025-09-05 14:51:58tEj.1w2025-09-05yBK